000 00808nam a2200241 a 4500
005 20191224041553.0
008 140225b1998 ck |||||rm||| 00| 0 spa d
040 _aCO-BoIAVH
_cCO-BoIAVH
041 _aspa
044 _ack
090 _aTE
_b0093
100 _aGarcía Martínez, Hernando
245 _aEstructura de la vegetación y comportamiento demográfico de cuatro especies pioneras en parches remanentes de un paisaje fragmento del piedemonte llanero
260 _aBogotá
_bPontificia Universidad Javeriana
_c1998
300 _a80 p.
650 _aEstructura vegetal
650 _aEcología de poblaciones
650 _aDemografía
650 _aEspecies promisorias
650 _aBosques remanentes
662 _aColombia
_bMeta
942 _cTESIS
_2z
999 _c1089
_d1089